00571nam a22001817a 4500010002700000020002600027035001300053035001400066037001300080082001200093100002000105245009200125260003000217270006900247300003200316500001900348700002200367 aENG-114993 ENG-135986 a9788120351899c595.00 aEN-98525 aEN-119518 bDBAD/PUB a005.446 aBettany, Andrew aExam ref 70-697 configuring windows devices /cby Andrew Bettany [and] Jason Kellington aDelhibPHI Learningc2016 aRimjhim House, 111, Patparganj Industrial Estate,bDelhie110092 axix,401p.:bill.c24cm(pbk) aIncludes index aKellington, Jason